Top 100 najlepszych piłkarzy w EA FC 25 - Statystyki

Ogólne statystyki
  • Ten quiz został rozwiązany 1 178 razy
  • Średni wynik to 47 z 100
Statystyki odpowiedzi
Overall Klub Zawodnik % Poprawnych
91 Manchester City Erling Haaland
96%
91 Real Madryt Kylian Mbappé
95%
90 Bayern Harry Kane
93%
90 Real Madryt Vinicius Júnior
92%
88 Barcelona Robert Lewandowski
91%
91 Manchester City Rodri
91%
89 Liverpool Mohamed Salah
90%
88 Inter Miami Lionel Messi
84%
90 Manchester City Kevin de Bruyne
83%
90 Real Madryt Jude Bellingham
82%
86 Al-Nassr Cristiano Ronaldo
81%
89 Inter Mediolan Lautaro Martinez
81%
89 Liverpool Virgil van Dijk
79%
87 Aston Villa Emiliano Martínez
78%
89 Barcelona Marc-André ter Stegen
77%
88 Bayer Leverkusen Florian Wirtz
75%
89 PSG Gianluigi Donnarumma
74%
89 Liverpool Alisson
73%
87 Al-Hilal Neymar
71%
89 Arsenal Martin Ødegaard
70%
87 Arsenal Bukayo Saka
67%
89 Real Madryt Thibaut Courtois
67%
88 Real Madryt Antonio Rüdiger
66%
88 Manchester City Ederson
64%
86 Barcelona Pedri
64%
86 PSG Ousmane Dembélé
62%
86 Real Madryt Rodrygo
61%
88 Atlético Madryt Antoine Griezmann
60%
88 Real Madryt Federico Valverde
60%
88 Manchester City Rúben Dias
60%
87 Tottenham Hueng-min Son
59%
88 Borussia Dortmund Gregor Kobel
58%
86 Al-Ittihad Karim Benzema
58%
88 Manchester City Phil Foden
58%
86 Real Madryt Luka Modrić
57%
88 Atlético Madryt Jan Oblak
56%
88 Manchester City Bernardo Silva
53%
87 Bayern Jamal Musiala
53%
86 Milan Rafael Leão
53%
87 Manchester United Bruno Fernandes
51%
87 Barcelona Frenkie de Jong
50%
87 Roma Paulo Dybala
49%
87 Galatasaray Victor Osimhen
48%
87 Arsenal William Saliba
48%
85 Athletic Bilbao Nico Williams
46%
86 Bayern Joshua Kimmich
45%
87 Inter Mediolan Nicolò Barella
45%
86 Real Madryt Daniel Carvajal
44%
87 Inter Mediolan Yann Sommer
44%
85 Real Madryt Éder Militão
43%
86 Bayern Manuel Neuer
43%
87 Inter Mediolan Alessandro Bastoni
42%
86 Bayer Leverkusen Álex Grimaldo
42%
87 Arsenal Declan Rice
42%
84 Barcelona Raphinha
42%
86 Arsenal Gabriel
41%
84 Sporting Victor Gyökeres
41%
87 Milan Mike Maignan
40%
86 Liverpool Trent Alexander-Arnold
40%
85 Newcastle Alexander Isak
39%
85 Barcelona Ronald Araújo
38%
85 Chelsea Cole Palmer
37%
85 Barcelona Jules Koundé
37%
84 Bayer Leverkusen Jeremie Frimpong
36%
87 Milan Théo Hernández
36%
86 Bayer Leverkusen Jonathan Tah
34%
87 PSG Marquinhos
33%
85 Real Madryt David Alaba
32%
85 Al-Ittihad N'Golo Kanté
32%
86 Athletic Bilbao Unai Simón
31%
85 Liverpool Andrew Robertson
30%
85 Bayern Leroy Sané
30%
86 Bayer Leverkusen Granit Xhaka
29%
86 Liverpool Alexis Mac Allister
28%
84 Barcelona Dani Olmo
28%
87 Manchester City Ilkay Gündogan
28%
85 PSG Vitinha
28%
84 Real Madryt Ferland Mendy
27%
85 Real Madryt Aurélien Tchouámeni
26%
84 PSG Achraf Hakimi
24%
85 Manchester City John Stones
23%
86 Inter Mediolan Hakan Çalhanoglu
22%
85 Aston Villa Ollie Watkins
22%
85 Liverpool Diogo Jota
21%
86 Al-Hilal João Cancelo
21%
85 Al-Hilal Sergej Milinković-Savić
21%
86 Juventus Bremer
19%
85 RB Lipsk Lois Openda
18%
85 Newcastle Bruno Guimarães
17%
85 Borussia Dortmund Julian Brandt
16%
85 Napoli Khvicha Kvaratskhelia
16%
84 Porto Diogo Costa
15%
85 Tottenham James Maddison
15%
85 Newcastle Sandro Tonali
15%
84 Liverpool Federico Chiesa
12%
85 Valencia Giorgi Mamardashvili
12%
85 Borussia Dortmund Nico Schlotterbeck
12%
85 Arsenal Mikel Merino
11%
85 Al-Ahli Riyad Mahrez
10%
85 Bayern João Palhinha
4%
Nie znaleziono quizów pasujących do podanych kryteriów
Rozkład punktacji
Procent ludzi z każdym wynikiem
Percentyl według liczby udzielonych odpowiedzi
Twoja historia wyników
Nie rozwiązałeś tego quizu